1154 1808 1207 1772 1712 1637 1920 1638 1429 1599 1919 1915 1279 1211 1647 1667 1003 1873 1980 1285 1283 1842 1048 1288 1346 1135 1792 1109 1239 1189 1742 1689 1331 1955 1204 1002 1162 1690 1324 1688 1866 1936 1873 1728 1365 2000 1774 1852 1248 1416 1046 1941 1262 1419 1610 1257 1929 1132 1237 1915 1778 1709 1601 1657 1366 1303 1490 1621 1876 1340 1145 1961 1791 1876 1954 1630 1704 1283 1898 1155 1012 1676 1703 1256 1336 1062 1194 1556 1115 1012 1222 1801 1980 1231 1023 1141 1845 1539 1114 BCNSPRNW ULIB Ver.6.0+V

เปลี่ยนเป็นภาษาไทย

Change to English
 แสดงรายละเอียดบรรณานุกรม
  กลับหน้าหลัก

Brief Record : Get Marc (ISO 2709) : E-mail record : QR code < ปิดหน้าต่าง
LEADER : 00000nam 2200000uu 4500
001    13399126873
003     ULIB
008    190821s2561||||th 000 0 tha d
020    ^a9786164559257
060  0 ^aWY160.5^bก398ก
100 0  ^aกัลยา แก้วสม
245 00 ^aการพยาบาลผู้ป่วยภาวะสมองเสื่อม :มิติการพยาบาลสุขภาพจิตและจิตเวช/^cกัลยา แก้วสม.
250    ^aพิมพ์ครั้งที่ 1
260    ^aกรุงเทพฯ :^bนีโอดิจิตอล ,^c2561.
300    ^a176 หน้า :^bภาพประกอบ ;^c26 ซม.
650  4 ^aภาวะสมองเสื่อม^xผู้ป่วย^xการดูแล
650  4 ^aการพยาบาลสุขภาพจิต
945    ^p250^l0^i005598
945    ^p250^l0^i005596
945    ^p250^l0^i005595
945    ^p250^l0^i005594
945    ^p250^l0^i005593
945    ^p250^l0^i005597
945    ^p250^l0^i005605
945    ^p250^l0^i005606
945    ^p250^l0^i005604
945    ^p250^l0^i005602
945    ^p250^l0^i005603
945    ^p250^l0^i005592
945    ^p250^l0^i005601
945    ^p250^l0^i005600
945    ^p250^l0^i005599
999    ^aประนอม เกษจรัล
รายการนี้ยังไม่มีแท็ก
คุณยังไม่ได้ล็อกอิน คุณสามารถมีกิจกรรมร่วมกับเว็บไซต์ได้ แต่ต้องล็อกอินก่อน ::
  ล็อกอิน

รายการสื่อสารสนเทศ

ลำดับที่ ประเภท เลขเรียก/บาร์โค้ด สถานที่ สถานะ
1. Book การพยาบาล
หนังสือสำรอง
สถานะ=หนังสือสำรอง
WY160.5 ก398ก ฉ.1 
  Barcode: 005592
ห้องสมุดวิทยาเขตสวรรค์ประชารักษ์
►หนังสือทั่วไป
บนชั้น
2. Book การพยาบาล
Book การพยาบาล
WY160.5 ก398ก ฉ.10 
  Barcode: 005601
ห้องสมุดวิทยาเขตสวรรค์ประชารักษ์
►หนังสือทั่วไป
บนชั้น
3. Book การพยาบาล
Book การพยาบาล
WY160.5 ก398ก ฉ.11 
  Barcode: 005602
ห้องสมุดวิทยาเขตสวรรค์ประชารักษ์
►หนังสือทั่วไป
บนชั้น
4. Book การพยาบาล
Book การพยาบาล
WY160.5 ก398ก ฉ.12 
  Barcode: 005603
ห้องสมุดวิทยาเขตสวรรค์ประชารักษ์
►หนังสือทั่วไป
บนชั้น
5. Book การพยาบาล
Book การพยาบาล
WY160.5 ก398ก ฉ.13 
  Barcode: 005604
ห้องสมุดวิทยาเขตสวรรค์ประชารักษ์
►หนังสือทั่วไป
บนชั้น
6. Book การพยาบาล
Book การพยาบาล
WY160.5 ก398ก ฉ.14 
  Barcode: 005605
ห้องสมุดวิทยาเขตสวรรค์ประชารักษ์
►หนังสือทั่วไป
บนชั้น
7. Book การพยาบาล
Book การพยาบาล
WY160.5 ก398ก ฉ.15 
  Barcode: 005606
ห้องสมุดวิทยาเขตสวรรค์ประชารักษ์
►หนังสือทั่วไป
บนชั้น
8. Book การพยาบาล
Book การพยาบาล
WY160.5 ก398ก ฉ.2 
  Barcode: 005593
ห้องสมุดวิทยาเขตสวรรค์ประชารักษ์
►หนังสือทั่วไป
บนชั้น
9. Book การพยาบาล
Book การพยาบาล
WY160.5 ก398ก ฉ.3 
  Barcode: 005594
ห้องสมุดวิทยาเขตสวรรค์ประชารักษ์
►หนังสือทั่วไป
บนชั้น
10. Book การพยาบาล
Book การพยาบาล
WY160.5 ก398ก ฉ.4 
  Barcode: 005595
ห้องสมุดวิทยาเขตสวรรค์ประชารักษ์
►หนังสือทั่วไป
บนชั้น
11. Book การพยาบาล
Book การพยาบาล
WY160.5 ก398ก ฉ.5 
  Barcode: 005596
ห้องสมุดวิทยาเขตสวรรค์ประชารักษ์
►หนังสือทั่วไป
บนชั้น
12. Book การพยาบาล
Book การพยาบาล
WY160.5 ก398ก ฉ.6 
  Barcode: 005597
ห้องสมุดวิทยาเขตสวรรค์ประชารักษ์
►หนังสือทั่วไป
บนชั้น
13. Book การพยาบาล
Book การพยาบาล
WY160.5 ก398ก ฉ.7 
  Barcode: 005598
ห้องสมุดวิทยาเขตสวรรค์ประชารักษ์
►หนังสือทั่วไป
บนชั้น
14. Book การพยาบาล
Book การพยาบาล
WY160.5 ก398ก ฉ.8 
  Barcode: 005599
ห้องสมุดวิทยาเขตสวรรค์ประชารักษ์
►หนังสือทั่วไป
บนชั้น
15. Book การพยาบาล
Book การพยาบาล
WY160.5 ก398ก ฉ.9 
  Barcode: 005600
ห้องสมุดวิทยาเขตสวรรค์ประชารักษ์
►หนังสือทั่วไป
บนชั้น

รายการใกล้เคียง
    ผู้แต่ง [กัลยา แก้วสม]

    หัวเรื่อง [การพยาบาลสุขภาพจิต]

BibComment


ยังไม่เคยถูกคอมเมนท์

คอมเมนท์ทรัพยากรรายการนี้
  คอมเมนท์: การพยาบาลผู้ป่วย..


 Copyright 2026. Bcnsprnw @Library